Central Library OPAC University of Rajshahi

Howard's end / (Record no. 22092)

MARC details
000 -LEADER
fixed length control field 00701nam a2200229 a 4500
001 - CONTROL NUMBER
control field 22092
003 - CONTROL NUMBER IDENTIFIER
rucl marc code BD-RjUL
005 - DATE AND TIME OF LATEST TRANSACTION
control field 20211209000751.0
008 - FIXED-LENGTH DATA ELEMENTS--GENERAL INFORMATION
fixed length control field 140306r19601941enk 000 1 eng d
035 ## - SYSTEM CONTROL NUMBER
System control number (BD-RjUL)22157
040 ## - CATALOGING SOURCE
Original cataloging agency QUT
Language of cataloging eng
Transcribing agency QUT
Modifying agency SSLP
-- BD-RjUL
041 ## - LANGUAGE CODE
Language code of text/sound track or separate title eng
082 04 - DEWEY DECIMAL CLASSIFICATION NUMBER
Classification number 823.912
Author mark and year FOH 1960
100 1# - MAIN ENTRY--PERSONAL NAME
Personal name Forster, E. M.
Fuller form of name (Edward Morgan),
Dates associated with a name 1879-1970.
9 (RLIN) 68214
245 10 - TITLE STATEMENT
Title Howard's end /
Statement of responsibility, etc. by E.M. Forster.
260 ## - PUBLICATION, DISTRIBUTION, ETC. (IMPRINT)
Place of publication, distribution, etc. London :
Name of publisher, distributor, etc. Nichollas & Com. Ltd.,
Date of publication, distribution, etc. 1941 [reprinted 1960].
300 ## - PHYSICAL DESCRIPTION
Pagination 318 p. ;
Size 18 cm.
500 ## - GENERAL NOTE
General note Originally published: 1910.
650 #0 - SUBJECT ADDED ENTRY--TOPICAL TERM
Topical term or geographic name as entry element Inheritance and succession
Form subdivision Fiction.
9 (RLIN) 42368
942 ## - ADDED ENTRY ELEMENTS (KOHA)
Source of classification or shelving scheme Dewey Decimal Classification
Koha item type Books
Holdings
Lost status Source of classification or shelving scheme Damaged status Not for loan Collection code Permanent Location Current Location Shelving location Date acquired Source of acquisition Total Checkouts Full call number Date last seen Copy number Koha item type
  Dewey Decimal Classification     Fiction Central Library, University of Rajshahi Central Library, University of Rajshahi   25/10/1990 Showkat Osman, Gift.   823.912 FOH 1960 06/03/2014 C-2 Books